书目信息 |
| 题名: |
世界常用农药色谱-质谱图集
|
|
| 作者: | 庞国芳 著 | |
| 分册: | Volume III Collection of linear trap quadropole (LTQ) orbitrap mass spectrometry | |
| 出版信息: | 北京 化学工业出版社 2014 |
|
| 页数: | 1204页 | |
| 开本: | 29cm | |
| 丛书名: | ||
| 单 册: | ||
| 中图分类: | TQ450.1-64 | |
| 科图分类: | ||
| 主题词: | 农药--图集--色谱-质谱 , 农药 , 色谱-质谱 | |
| 电子资源: | ||
| ISBN: | 978-7-122-18405-4 | |
| 000 | 01406nam0 2200277 450 | |
| 001 | 3584 | |
| 005 | 20160927085941.82 | |
| 005 | 20140605133614 | |
| 010 | @a978-7-122-18405-4@b精装@dCNY228.00 | |
| 100 | @a20140327d2014 em y0chiy50 ea | |
| 101 | 0 | @achi@aeng |
| 102 | @aCN@b110000 | |
| 105 | @aa z 001yy | |
| 200 | 1 | @a世界常用农药色谱-质谱图集@9shi jie chang yong nong yao se pu - zhi pu tu ji@dChromatography-mass spectrometry collection of world commonly used pesticides@hVolume III@h第三卷@iCollection of linear trap quadropole (LTQ) orbitrap mass spectrometry@i线性离子阱-电场回旋共振轨道阱组合质谱图集@zeng@f庞国芳等著 |
| 210 | @a北京@c化学工业出版社@d2014 | |
| 215 | @a1204页@d29cm | |
| 300 | @a国家出版基金项目 | |
| 330 | @a本书为《世界常用农药色谱-质谱图集》第三卷,包括398种农药化学污染物中英文名称、CAS登录号、理化参数(分子式、分子量、结构式)、色谱质谱参数(母离子、子离子、离子源及源极性、保留时间)、电离模式全扫描质谱图和电离模式二级质谱图(三种碰撞能量)等。 | |
| 510 | 1 | @aChromatography-mass spectrometry collection of world commonly used pesticides@hVolume III@iCollection of linear trap quadropole (LTQ) orbitrap mass spectrometry@zeng |
| 606 | 0 | @a农药@j图集@x色谱-质谱 |
| 606 | 0 | @a农药 |
| 606 | 0 | @a色谱-质谱 |
| 690 | @aTQ450.1-64@v5 | |
| 701 | 0 | @a庞国芳@9pang guo fang@f(1943.10~)@4著 |
| 801 | 0 | @aCN@b唐山师范学院图书馆@c20151001 |
| 905 | @aZUCC@dTQ450.1-64@e61:3 | |
| 世界常用农药色谱-质谱图集=Chromatography-mass spectrometry collection of world commonly used pesticides.Volume III.第三卷.Collection of linear trap quadropole (LTQ) orbitrap mass spectrometry.线性离子阱-电场回旋共振轨道阱组合质谱图集/庞国芳等著.-北京:化学工业出版社,2014 |
| 1204页;29cm |
| 国家出版基金项目 |
| ISBN 978-7-122-18405-4(精装):CNY228.00 |
| 本书为《世界常用农药色谱-质谱图集》第三卷,包括398种农药化学污染物中英文名称、CAS登录号、理化参数(分子式、分子量、结构式)、色谱质谱参数(母离子、子离子、离子源及源极性、保留时间)、电离模式全扫描质谱图和电离模式二级质谱图(三种碰撞能量)等。 |
| ● |
| 相关链接 |
|
|
|
|
正题名:世界常用农药色谱-质谱图集
索取号:TQ450.1-64/61:3
 
预约/预借
| 序号 | 登录号 | 条形码 | 馆藏地/架位号 | 状态 | 备注 |
| 1 | 905550 | 209055500 | 第二样本阅览室/ [索取号:TQ450.1-64/61:3] | 在馆 | |
| 2 | 905551 | 209055519 | 第三借阅区/ [索取号:TQ450.1-64/61:3] | 在馆 |